000 00490nam a2200157Ia 4500
008 160316s1990 xxu||||| |||| 00| 0 eng d
082 _a338.620000
_bREP
100 _a
245 _aReports, recommendations of various committes on public enterprises
250 _a
260 _aNew Delhi
_bStudy Conference Public Enterprises
_c1990
300 _a875p.
_b
_c
365 _bRs.250//-
650 _a1.Economics - Public Enterprises 2.Development - Recommendations - Reports
700 _a
_a
999 _c7253
_d7253